| Tag |
First Indicator |
Second Indicator |
Subfields |
| LEADER |
00000cam a2200000 i 4500 |
| 001 |
in00004098511 |
| 008 |
180614t20192019cau c 000 f eng |
| 005 |
20240705224322.9 |
| 010 |
|
|
|a 2018021081
|
| 019 |
|
|
|a 1043565307
|a 1086311042
|
| 020 |
|
|
|a 9781368022828
|q (hardcover
|q alkaline paper)
|
| 020 |
|
|
|a 1368022820
|q (hardcover
|q alkaline paper)
|
| 035 |
|
|
|a (OCoLC)on1041205569
|
| 035 |
|
|
|a (OCoLC)1041205569
|z (OCoLC)1043565307
|z (OCoLC)1086311042
|
| 040 |
|
|
|a DLC
|b eng
|e rda
|c DLC
|d OCLCO
|d YDX
|d BDX
|d PX0
|d PCX
|d TCH
|d HEV
|d CZA
|d UIU
|d JVX
|d LKC
|d OCLCO
|d CG4
|d OCP
|d OCLCF
|d NYP
|d FLM
|d JTH
|d OCLCO
|d XOL
|d YDX
|d XKK
|d IAI
|d FEM
|d FCS
|d EHH
|d TOH
|d Y#4
|d W8A
|d UTP
|d OCLCO
|d STF
|d OCLCO
|d NZ1
|d OCLCO
|d PX9
|d SSH
|d LMJ
|d DYJ
|d OCLCO
|d JSY
|d SVZ
|d XUN
|d OCLCA
|d MQS
|d NJB
|d OCLCO
|d IAI
|d OCLCO
|d FMU
|d OCLCO
|d IUL
|d OCLCA
|d TXSCH
|d OCL
|d OCLCO
|d OCLCQ
|d OCLCO
|d MZG
|d OCLCO
|d NIU
|d OCLCQ
|d OCLCO
|d KD5
|d GYG
|d CHILD
|d CHY
|d FWR
|d TXA
|
| 042 |
|
|
|a lcac
|a pcc
|
| 050 |
0 |
0 |
|a PZ7.1.H4943
|b Sal 2019
|
| 055 |
0 |
0 |
|a PZ7.1.H4943
|b Sal 2019
|
| 082 |
0 |
4 |
|a 813/.6
|2 23
|
| 090 |
|
|
|a PS3608.E7659
|b S34 2020
|
| 100 |
1 |
|
|a Hernandez, Carlos Alberto,
|e author.
|
| 245 |
1 |
0 |
|a Sal & Gabi break the universe /
|c Carlos Hernandez.
|
| 246 |
3 |
|
|a Sal and Gabi break the universe
|
| 250 |
|
|
|a First edition.
|
| 264 |
|
1 |
|a Los Angeles :
|b Disney Hyperion,
|c 2019.
|
| 264 |
|
4 |
|c ©2019
|
| 300 |
|
|
|a 382 pages ;
|c 22 cm
|
| 336 |
|
|
|a text
|b txt
|2 rdacontent
|
| 337 |
|
|
|a unmediated
|b n
|2 rdamedia
|
| 338 |
|
|
|a volume
|b nc
|2 rdacarrier
|
| 385 |
|
|
|m Age group:
|n age
|a Children
|2 lcdgt
|
| 385 |
|
|
|m Age group:
|n age
|a Preteens
|2 lcdgt
|
| 385 |
|
|
|m Educational level group:
|n edu
|a Fourth grade students
|2 lcdgt
|
| 385 |
|
|
|m Educational level group:
|n edu
|a Fifth grade students
|2 lcdgt
|
| 385 |
|
|
|m Educational level group:
|n edu
|a Sixth grade students
|2 lcdgt
|
| 385 |
|
|
|m Educational level group:
|n edu
|a Seventh grade students
|2 lcdgt
|
| 385 |
|
|
|m Educational level group:
|n edu
|a Eighth grade students
|2 lcdgt
|
| 385 |
|
|
|m Educational level group:
|n edu
|a Middle school students
|2 lcdgt
|
| 386 |
|
|
|m Occupation/field of activity group:
|n occ
|a University and college faculty members
|2 lcdgt
|
| 386 |
|
|
|m Gender group:
|n gdr
|a Men
|2 lcdgt
|
| 490 |
1 |
|
|a Sal & Gabi ;
|v [1]
|
| 521 |
1 |
|
|a 8-12 years.
|
| 521 |
2 |
|
|a 3-7.
|
| 500 |
|
|
|a "Rick Riordan Presents"
|
| 520 |
|
|
|a Who put the raw chicken in Yasmany's locker? When Sal Vidón meets Gabi Reál for the first time, it isn't under the best of circumstances. Sal is in the principal's office for the third time in three days, and it's still the first week of school. Gabi, student council president and editor of the school paper, is there to support her friend Yasmany, who just picked a fight with Sal. She is determined to prove that, somehow, Sal planted a raw chicken in Yasmany's locker, even though no one saw him do it and the bloody poultry has since mysteriously disappeared. Sal prides himself on being an excellent magician, but for this sleight of hand, he relied on a talent no one would guess...except maybe Gabi, whose sharp eyes never miss a trick. When Gabi learns that he's capable of conjuring things much bigger than a chicken - including his dead mother - and she takes it all in stride, Sal knows that she is someone he can work with. There's only one slight problem: Their manipulation of time and space could put the entire universe at risk. A sassy entropy sweeper, a documentary about wedgies, a principal who wears a Venetian bauta mask, and platefuls of Cuban food are just some of the delights that await in this mind-blowing novel gift-wrapped in love and laughter. --
|c From dust jacket.
|
| 526 |
0 |
|
|a Accelerated Reader
|b MG
|c 4.9
|d 14.0.
|
| 586 |
|
|
|a American Library Association Notable Children's Bk
|
| 586 |
|
|
|a Pura Belpré Award, 2020
|
| 651 |
|
0 |
|a Universe
|v Juvenile fiction.
|
| 650 |
|
0 |
|a Grief
|v Juvenile fiction.
|
| 650 |
|
0 |
|a Cuban Americans
|v Juvenile fiction.
|
| 651 |
|
1 |
|a Universe
|v Fiction.
|
| 650 |
|
1 |
|a Grief
|v Fiction.
|
| 650 |
|
1 |
|a Cuban Americans
|v Fiction.
|
| 650 |
|
1 |
|a Science fiction.
|
| 650 |
|
7 |
|a JUVENILE FICTION
|x Family
|x Parents.
|2 bisacsh
|
| 650 |
|
7 |
|a JUVENILE FICTION
|x Fantasy & Magic.
|2 bisacsh
|
| 650 |
|
7 |
|a JUVENILE FICTION
|x People & Places
|z United States
|x Hispanic & Latino.
|2 bisacsh
|
| 650 |
|
7 |
|a Cuban Americans.
|2 fast
|0 (OCoLC)fst00884777
|
| 650 |
|
7 |
|a Grief.
|2 fast
|0 (OCoLC)fst00947883
|
| 651 |
|
7 |
|a Universe.
|2 fast
|0 (OCoLC)fst01922713
|
| 650 |
|
7 |
|a Universe
|v Juvenile fiction.
|2 sears
|
| 650 |
|
7 |
|a Grief
|v Juvenile fiction.
|2 sears
|
| 650 |
|
7 |
|a Cuban Americans
|v Juvenile fiction.
|2 sears
|
| 650 |
|
7 |
|a Space and time
|v Juvenile fiction.
|2 sears
|
| 650 |
|
7 |
|a Universe
|v Fiction.
|2 sears
|
| 650 |
|
7 |
|a Grief
|v Fiction.
|2 sears
|
| 650 |
|
7 |
|a Cuban Americans
|v Fiction.
|2 sears
|
| 650 |
|
7 |
|a Space and time
|v Fiction.
|2 sears
|
| 650 |
|
7 |
|a Science fiction.
|2 sears
|
| 655 |
|
1 |
|a Fantasy fiction.
|
| 655 |
|
1 |
|a Science fiction.
|
| 655 |
|
7 |
|a Fantasy fiction.
|2 fast
|0 (OCoLC)fst01726607
|
| 655 |
|
7 |
|a Fiction.
|2 fast
|0 (OCoLC)fst01423787
|
| 655 |
|
7 |
|a Juvenile works.
|2 fast
|0 (OCoLC)fst01411637
|
| 655 |
|
7 |
|a Science fiction.
|2 fast
|0 (OCoLC)fst01726489
|
| 655 |
|
7 |
|a Fantasy fiction.
|2 gsafd
|
| 655 |
|
7 |
|a Science fiction.
|2 lcgft
|
| 655 |
|
7 |
|a Fantasy fiction.
|2 lcgft
|
| 800 |
1 |
|
|a Hernandez, Carlos Alberto.
|t Sal & Gabi ;
|v bk. 1.
|
| 938 |
|
|
|a Children's Plus, Inc.
|b CHIL
|n 2095684
|
| 938 |
|
|
|a Brodart
|b BROD
|n 122711645
|
| 938 |
|
|
|a YBP Library Services
|b YANK
|n 15581517
|
| 945 |
|
|
|b 322033
|
| 947 |
|
|
|a A14850766172
|
| 948 |
|
|
|a cataloged
|b h
|c 2020/1/29
|d c
|e dmitchell
|f 11:20:10 am
|
| 994 |
|
|
|a C0
|b TXA
|
| 999 |
f |
f |
|s 00cbd322-b565-3fd5-af82-b54672140ba4
|i d744ad7b-be1a-3836-ada5-a25496bc41ba
|t 0
|
| 952 |
f |
f |
|p normal
|a Texas A&M University
|b College Station
|c Sterling C. Evans Library
|d Evans: Curriculum Collection (4th floor)
|t 0
|e PZ7.1.H4943 Sal 2019
|h Library of Congress classification
|i unmediated -- volume
|m A14850766172
|
| 952 |
f |
f |
|p noncirc
|a Texas A&M University
|b College Station
|c Cushing Memorial Library & Archives
|d Cushing: Science Fiction (Does not check out)
|t 0
|e PS3608.E7659 S34 2020
|h Library of Congress classification
|i unmediated -- volume
|
| 998 |
f |
f |
|a PS3608.E7659 S34 2020
|t 0
|l Cushing: Science Fiction (Does not check out)
|
| 998 |
f |
f |
|a PZ7.1.H4943 Sal 2019
|t 0
|l Evans: Curriculum Collection (4th floor)
|